Fundamentals of Analytical Chemistry

Bibliographic Details
Main Author: Skoog, Douglas
Format: Section = Libro
Language:Undetermined
Spanish
Published: México Holt, Rinehart and Winston 1963
Subjects:
LEADER 00599nam a2200217Ia 4500
008 240830s9999 xx 000 0 und d
040 |a CEDOC FIQ-RUSB / 543.07 S628 
041 |a spa 
082 |a 543.07 S628 
100 1 |a Skoog, Douglas 
245 1 0 |a Fundamentals of Analytical Chemistry 
260 |a México  |b Holt, Rinehart and Winston  |c 1963 
300 |a 766 p. : il 
650 7 |a QUIMICA ANALITICA 
650 7 |b  EQUILIBRIOS QUIMICOS 
650 7 |c  MÉTODOS ELECTROQUIMICOS 
650 7 |d  ESPECTROMETRIA 
650 7 |e  MÉTODOS DE SEPARACION 
942 |c BK  |2 ddc 
991 |a TEXTO 
999 |c 13683